Τυχαίες Ευρωπαϊκές Χώρες στον Χάρτη - Statistics

General Stats
  • This quiz has been taken 88 times
  • The average score is 13 of 15
Answers on the Map
Answers color-coded by a green-red scale on the quiz's map according to % correct below.
 
Answer Stats
Χώρα % Correct
Βουλγαρία
100%
Γαλλία
100%
Γερμανία
100%
Ιταλία
100%
Νορβηγία
100%
Ρωσία
100%
Σουηδία
100%
Φινλανδία
94%
Αλβανία
93%
Ιρλανδία
93%
Ρουμανία
93%
Ελλάδα
92%
Ισλανδία
92%
Σερβία
92%
Ισπανία
90%
Λευκορωσία
90%
Πορτογαλία
90%
Δανία
89%
Ηνωμένο Βασίλειο
89%
Βόρεια Μακεδονία
88%
Λετονία
88%
Πολωνία
88%
Βοσνία και Ερζεγοβίνη
87%
Εσθονία
87%
Βατικανό
85%
Λιθουανία
85%
Ελβετία
83%
Ουγγαρία
81%
Τσεχία
76%
Μάλτα
75%
Μολδαβία
75%
Ολλανδία
75%
Ουκρανία
75%
Σλοβενία
75%
Άγιος Μαρίνος
73%
Ανδόρρα
73%
Βέλγιο
73%
Κόσοβο
71%
Σλοβακία
70%
Κροατία
67%
Αυστρία
65%
Λίχτενσταϊν
65%
Μαυροβούνιο
64%
Λουξεμβούργο
63%
Μονακό
57%
No matching quizzes found
Score Distribution
Percent of People with Each Score
Percentile by Number Answered
Your Score History
You have not taken this quiz